Bank of Scotland v Fernand (Record no. 49559)

MARC details
000 -LEADER
fixed length control field 01294cab a2200217 4500
001 - CONTROL NUMBER
control field E84459
008 - FIXED-LENGTH DATA ELEMENTS--GENERAL INFORMATION
fixed length control field 090401t1997 xxu||||| |||| 00| 0 eng d
035 ## - SYSTEM CONTROL NUMBER
System control number (Sirsi) u78853
041 ## - LANGUAGE CODE
Language code of text/sound track or separate title eng
245 ## - TITLE STATEMENT
Title Bank of Scotland v Fernand
260 ## - PUBLICATION, DISTRIBUTION, ETC.
Date of publication, distribution, etc. 1997
350 ## - PRICE (NR) (BK AM CF MU VM SE) [OBSOLETE]
Price 0
490 ## - SERIES STATEMENT
Series statement Greens Housing Law Reports
Volume/sequential designation 1997 HousLR 65-69(5)
520 ## - SUMMARY, ETC.
Summary, etc. Sheriffdom of Strathkelvin and Glasgow at Glasgow. Sheriff Principal N D MacLeod, QC. 4 April 1997. Heritable property - standard security - heritable creditor - creditor`s right to exercise remedies on default by debtor - right to apply to court for warrant to exercise remedy - whether competent to seek declarator of right to remedy without obtaining warrant to exercise remedy - Conveyancing and Feudal Reform (Scotland) Act 1970 (c35), s24. Process - pleaading - competency - statutory right of heritable creditor to apply to court for warrant to exercise remedy on default - whether competent to seek declarator of right to remedy without obtaining warrant to exercise remedy.
650 ## - SUBJECT ADDED ENTRY--TOPICAL TERM
Topical term or geographic name entry element CONVEYANCING AND FEUDAL REFORM (SCOTLAND) ACT 1970 S24
650 ## - SUBJECT ADDED ENTRY--TOPICAL TERM
Topical term or geographic name entry element CONVEYANCING AND FEUDAL REFORM (SCOTLAND) ACT 1970
650 ## - SUBJECT ADDED ENTRY--TOPICAL TERM
Topical term or geographic name entry element HERITABLE PROPERTY
690 ## - LOCAL SUBJECT ADDED ENTRY--TOPICAL TERM (OCLC, RLIN)
Topical term or geographic name as entry element PROPERTY LAW AND PRACTICE-CASE LAW
942 ## - ADDED ENTRY ELEMENTS (KOHA)
Suppress in OPAC 0
948 ## - LOCAL PROCESSING INFORMATION (OCLC); SERIES PART DESIGNATOR (RLIN)
c (OCLC) 11/06/1997
Holdings
Withdrawn status Lost status Source of classification or shelving scheme Damaged status Not for loan Home library Current library Shelving location Date acquired Total Checkouts Full call number Barcode Date last seen Copy number Price effective from Koha item type
    Dewey Decimal Classification     London London Journal article 14/09/1999   E84459 78853-1001 06/08/2019 1 06/08/2019 Law report